Pynchon : (Record no. 200468115)

MARC details
000 -LEADER
fixed length control field 02575cam a2200469 i 4500
001 - CONTROL NUMBER
control field 200468115
003 - CONTROL NUMBER IDENTIFIER
control field TR-AnTOB
005 - DATE AND TIME OF LATEST TRANSACTION
control field 20260414160151.0
007 - PHYSICAL DESCRIPTION FIXED FIELD--GENERAL INFORMATION
fixed length control field ta
008 - FIXED-LENGTH DATA ELEMENTS--GENERAL INFORMATION
fixed length control field 260414t19781978nju b 000 0 eng
010 ## - LIBRARY OF CONGRESS CONTROL NUMBER
LC control number 77012699
020 ## - INTERNATIONAL STANDARD BOOK NUMBER
International Standard Book Number 0137447140
International Standard Book Number 9780137447145
International Standard Book Number 013744706X
Qualifying information (paperback)
International Standard Book Number 9780137447060
035 ## - SYSTEM CONTROL NUMBER
System control number (CU-S)b16195553-01ucs_sdi
System control number (OCoLC)03275428
Canceled/invalid control number (OCoLC)995015642
-- (OCoLC)1114260643
-- (OCoLC)1153724225
System control number (OCoLC)ocm03275428
System control number (EXLNZ-01UCS_NETWORK)9912398193606531
System control number (TR-AnTOB)200468115
040 ## - CATALOGING SOURCE
Original cataloging agency DLC
Language of cataloging eng
Description conventions rda
Transcribing agency DLC
Modifying agency MUQ
-- LAS
-- BTCTA
-- AU@
-- NLE
-- GBVCP
-- FER
-- LTU
-- HEBIS
-- YDXCP
-- DEBBG
-- OG#
-- EUM
-- OCLCO
-- OCLCQ
-- OCLCF
-- CNUTO
-- DHA
-- OCLCQ
-- OCLCO
-- OCLCQ
-- TYC
-- OCLCQ
-- BOS
-- OCLCQ
-- UWK
-- OCLCA
-- RDF
-- NIU
-- OCLCQ
-- CPO
-- OCLCQ
-- CBA
-- OCLCQ
-- WTV
-- OCLCO
-- YBM
-- OCLCO
-- OCL
-- OCLCO
-- OCLCL
-- OCLCQ
-- OCLCL
-- YBM
-- OCLCL
-- OCLCQ
-- OCLCO
-- TR-AnTOB
041 0# - LANGUAGE CODE
Language code of text/sound track or separate title İngilizce
050 00 - LIBRARY OF CONGRESS CALL NUMBER
Classification number PS3566.Y55
Item number Z8 1978
090 ## - LOCALLY ASSIGNED LC-TYPE CALL NUMBER (OCLC); LOCAL CALL NUMBER (RLIN)
Classification number (OCLC) (R) ; Classification number, CALL (RLIN) (NR) PS3566.Y55
Local cutter number (OCLC) ; Book number/undivided call number, CALL (RLIN) Z8 1978
245 00 - TITLE STATEMENT
Title Pynchon :
Remainder of title a collection of critical essays /
Statement of responsibility, etc. edited by Edward Mendelson.
264 #1 - PRODUCTION, PUBLICATION, DISTRIBUTION, MANUFACTURE, AND COPYRIGHT NOTICE
Place of production, publication, distribution, manufacture Englewood Cliffs, N.J. :
Name of producer, publisher, distributor, manufacturer Prentice-Hall,
Date of production, publication, distribution, manufacture, or copyright notice 1978.
Date of production, publication, distribution, manufacture, or copyright notice ©1978
300 ## - PHYSICAL DESCRIPTION
Extent viii, 225 pages ;
Dimensions 21 cm
336 ## - CONTENT TYPE
Content type term text
Content type code txt
Source rdacontent
337 ## - MEDIA TYPE
Media type term unmediated
Media type code n
Source rdamedia
338 ## - CARRIER TYPE
Carrier type term volume
Carrier type code nc
Source rdacarrier
386 ## - CREATOR/CONTRIBUTOR CHARACTERISTICS
Creator/contributor term University and college faculty members
Source lcdgt
490 0# - SERIES STATEMENT
Series statement Twentieth century views.
Series statement A Spectrum book
504 ## - BIBLIOGRAPHY, ETC. NOTE
Bibliography, etc. note Includes bibliographical references.
505 00 - FORMATTED CONTENTS NOTE
Miscellaneous information Introduction /
Statement of responsibility Edward Mendelson --
Title V. and V-2 /
Statement of responsibility Tony Tanner --
Title A matter of gravity /
Statement of responsibility F.S. Schwarzbach --
Miscellaneous information A reply /
Statement of responsibility Jonathan Rosenbaum --
Title "Entropy" and other calamities /
Statement of responsibility Joseph W. Slade --
Title An anarchist miracle : the novels of Thomas Pynchon /
Statement of responsibility Robert Sklar --
Title Pynchon's tapestries on the Western wall /
Statement of responsibility Rober B. Henkle --
Title The sacred, the profane, and The crying of lot 49 /
Statement of responsibility Edward Mendelson --
Title Pynchon's Paraclete /
Statement of responsibility James Nohrnberg --
Title Decoding the Trystero /
Statement of responsibility Frank Kermode --
Title Gravity's rainbow : three reviews -- Rocket Power/
Statement of responsibility Richard Poirier --
Title V-2 /
Statement of responsibility George Levine --
Miscellaneous information Review for Scientific American /
Statement of responsibility Philip Morrison --
Title The satiric plots of Gravity's rainbow /
Statement of responsibility Michael Seidel --
Title The Brigadier remembers /
Statement of responsibility Paul Fussell.
600 10 - SUBJECT ADDED ENTRY--PERSONAL NAME
Personal name Pynchon, Thomas
General subdivision Criticism and interpretation
9 (RLIN) 153650
700 1# - ADDED ENTRY--PERSONAL NAME
Personal name Mendelson, Edward
Relator term editor
Relator code edt
Relator term writer of introduction
Relator code win
Authority record control number or standard number http://id.loc.gov/authorities/names/n50036975
9 (RLIN) 153664
942 ## - ADDED ENTRY ELEMENTS (KOHA)
Source of classification or shelving scheme Library of Congress Classification
Koha item type Book
Holdings
Withdrawn status Lost status Source of classification or shelving scheme Not for loan Collection code Home library Current library Shelving location Date acquired Source of acquisition Inventory number Total Checkouts Full call number Date last seen Copy number Date shelved Koha item type Public note
    Library of Congress Classification Ödünç Verilemez-Kurumiçi kullanım / Not for loan-For inhouse use Genel Koleksiyon Tıp Fakültesi Medikal Kütüphane Tıp Fakültesi Medikal Kütüphane Genel Koleksiyon / Main Collection 18/03/2026 Bağış / Donation İDE   PS3566.Y55 Z8 1978 TıpFaK 14/04/2026 1 14/04/2026 Book Donated by Prof. Dr. Şükrü Cin
Devinim Yazılım Eğitim Danışmanlık tarafından Koha'nın orjinal sürümü uyarlanarak geliştirilip kurulmuştur.